Sexiest Man Alive by Picture - Statistics

General Stats
  • This quiz has been taken 3,648 times
  • The average score is 11 of 15
Answer Stats
Picture Answer % Correct
Johnny Depp
97%
Brad Pitt
96%
George Clooney
90%
Matt Damon
85%
Ryan Reynolds
84%
Chris Hemsworth
83%
Harrison Ford
81%
Idris Elba
75%
Hugh Jackman
69%
John Legend
66%
Matthew McConaughey
66%
Pierce Brosnan
65%
Jude Law
63%
Mel Gibson
63%
Richard Gere
55%
No matching quizzes found
Score Distribution
Percent of People with Each Score
Percentile by Number Answered
Your Score History
You have not taken this quiz